| 000 | 00500nam a22001937a 4500 | ||
|---|---|---|---|
| 003 | OSt | ||
| 005 | 20180116183004.0 | ||
| 008 | 150805b xxu||||| |||| 00| 0 eng d | ||
| 020 | _a9788126537105 | ||
| 040 | _c0 | ||
| 082 | _a658.1511 JIA 2013 | ||
| 100 | _aJames Jiambalvo | ||
| 245 |
_aManagerial Accounting _bInternational Student Version _cJames Jiambalvo |
||
| 250 | _a4th | ||
| 260 |
_aDelhi _bWiley _c2013 |
||
| 300 |
_a572 p. _bPB |
||
| 440 | _aManagerial Accounting | ||
| 942 |
_2ddc _cBK |
||
| 999 |
_c349989 _d349989 |
||